00369nam a2200145Ia 450000100060000000800410000602000180004704000130006508200180007810000190009624500810011526000090019630000110020554600070021610276140328s9999 xx 000 0 und d a0-7515-1374-1 cPK-LaUMT a 294.3bIKE-U aIkeda, Daisaku aUnlocking the mysteries of birth and death : Buddhism in thecIkeda, Daisaku c1994 a218 p. aEN